| 000 | 00372nam a22001337a 4500 | ||
|---|---|---|---|
| 020 | _a9787547036211 | ||
| 082 | _a951 | ||
| 100 | _aYu, Dafu | ||
| 245 |
_aThe Travel notes of Yu Dafu (Chinese Edition) / _cDafu Yu |
||
| 260 |
_aChina : _bVolumes Publishing House, _c2015. |
||
| 300 |
_a197 p. ; _c22 cm. |
||
| 880 |
_6245-02\r _a于大富游记 / |
||
| 942 |
_2ddc _cBK |
||
| 999 |
_c591786 _d591786 |
||